| 000 | 00473nam a2200169 a 4500 | ||
|---|---|---|---|
| 001 | 000040598 | ||
| 005 | 20201002034236.0 | ||
| 008 | 130903s1979 enkaf 000 0 spa d | ||
| 020 | _a0116705760 | ||
| 040 |
_aDO-SdBNP _bspa _cBNPHU |
||
| 082 |
_axxx _bxxx |
||
| 100 | 1 |
_aBorg, Alan _966937 |
|
| 245 | 1 | 0 |
_aArms and armour in Britain. / _cAlan Borg. |
| 250 | _a2a. ed. | ||
| 260 |
_aLondon, England : _bGovernment bookshops, _c1979. |
||
| 300 |
_a32 p. : _bil., lam. ; _c20 cm. |
||
| 999 |
_c40088 _d40088 |
||